Differential equations and their applications: an introduction to applied mathematics
Wedi'i Gadw mewn:
| Prif Awdur: | |
|---|---|
| Fformat: | Llyfr |
| Iaith: | Saesneg |
| Cyhoeddwyd: |
Nueva York
Springer
1993
|
| Rhifyn: | 4a. ed |
| Cyfres: | Text in Applied Mathematics, 11
|
| Pynciau: | |
| Tagiau: |
Ychwanegu Tag
Dim Tagiau, Byddwch y cyntaf i dagio'r cofnod hwn!
|
MARC
| LEADER | 00000cam a2200000 a 4500 | ||
|---|---|---|---|
| 001 | UCF4910 | ||
| 003 | CL-VaPUC | ||
| 008 | 130110e19930000US |||||||||||||||||eng|d | ||
| 020 | |a 0387978941 | ||
| 082 | 0 | 4 | |a 515.35 |b BRA |2 21 |
| 100 | 0 | |a Braun, Martin |e author |9 566621 | |
| 245 | 1 | 0 | |a Differential equations and their applications: an introduction to applied mathematics |
| 250 | |a 4a. ed | ||
| 300 | |a 578 p | ||
| 942 | |c BK | ||
| 945 | |d 20130110 00:00:00 |a cmena | ||
| 260 | |a Nueva York |b Springer |c 1993 | ||
| 650 | 0 | |a Ecuaciones diferenciales |9 260083 | |
| 650 | 0 | |a Matemática aplicada |9 260236 | |
| 583 | |a last modification |c 20130110 11:00:00 |k Rodrigo Vera | ||
| 490 | 0 | |a Text in Applied Mathematics, 11 | |
| 999 | |c 350587 |d 350585 | ||
| 952 | |0 0 |1 0 |4 0 |6 515_350000000000000_BRA_1993 |7 0 |8 A |9 454120 |a BIBMAT |b BIBMAT |d 2019-11-22 |i 4942027 |o 515.35 BRA 1993 |p 4942027 |r 2025-01-07 |w 2019-11-22 |y BK |k MAT | ||